| 000 | 00964nam a22003137a 4500 | ||
|---|---|---|---|
| 003 | CHAP | ||
| 005 | 20220329135704.0 | ||
| 008 | 971013s1963 r 00010 d | ||
| 010 | _a40611 | ||
| 011 | _a41583 | ||
| 035 | _a45709 | ||
| 040 | _cCHAP | ||
| 090 | _aTesis | ||
| 100 | 0 | 0 |
_aFlores González, Porfirio. _941567 |
| 245 | _aAnálisis de la estabilidad de la presa "El Estribón" | ||
| 260 |
_aChapingo, Méx. : _bEl autor, _c1963 |
||
| 300 |
_a72 p. _b: ilus. |
||
| 502 | _aTesis (Ing. Agr. Esp. en Irrigación) -- ENA | ||
| 590 |
_aALEPH _b10 _c20130110 _lUCH01 _h1309 |
||
| 590 |
_aBATCH-UPD _b10 _c20130110 _lUCH01 _h1750 |
||
| 590 |
_aBATCH-UPD _b10 _c20130410 _lUCH01 _h1128 |
||
| 590 |
_aBATCH-UPD _b10 _c20130914 _lUCH01 _h1935 |
||
| 590 |
_aCONVERSION _b10 _c20130109 _lUCH01 _h1322 |
||
| 650 | 1 | 4 |
_aPresa "El Estribón". _991413 |
| 650 | 1 | 4 |
_aPresas _xJalisco. _991490 |
| 901 | _aBK | ||
| 942 | _cTESIS | ||
| 949 |
_bBC _cTES _d-104351 _eTS1 _i45709 _si |
||
| 999 |
_c40611 _d40611 |
||